00324nam a2200121Ia 4500008004100000041000800041082001500049100001600064245003200080260004700112500001700159650002600176220803s9999 xx 000 0 und d aeng a728.38 AGR aAgraval K C aBharatiya Vadic Vastukala.. aNew DelhibVastu Vedic Research Foundation aArchitecture aArchitectural History